LEADER 00840naa a2200205 u 4500 001 000000096897 003 CaOOAMICUS 005 20070226130148.0 008 050215s1970 it u000 u ita u 035 $a11027852 040 $aIAR$bita 100 1 $aMasini, Ferruccio,$d1938-1988.$0(OLS)http://pul/name/5691 245 10$aAporie e progetto utopico ne >L'Uomo senza qualità< di R. Musil /$cFerruccio Masini. 260 $aParma :$bStudium Parmense,$c1970. 300 $aS. 103-168 ;$c25 cm 773 0 $aAporie della filosofia contemporanea. 773 0 $tQuaderni di Filosofia (Studium Parmense)$g4 773 0 $tAporie della filosofia contemporanea$w()58414 996 $6245$aAporie e progetto utopico ne >L'Uomo senza qualità< di R. Musil$9(OLS)http://pul/title/123779 996 $6260$aParma :$bStudium Parmense$9(OLS)http://pul/publisher/69637 LEADER 01386nam a2200349 a 4500 001 000000141019 003 CaOOAMICUS 005 20141218142712.0 008 141218s2014 it u001 u ita r 020 $a978-88-382-4238-0 040 $aPUL$bita 082 04$a170 100 1 $aNegro, Matteo.$0(OLS)http://pul/name/90816 245 10$aBene comune e persona /$cMatteo Negro ; prefazione di Evandro Agazzi. 260 $aRoma :$bStudium,$c©2014. 300 $a208 p. ;$c19 cm 490 1 $aUniversale Studium. Nuova serie ;$v39 490 1 $aFilosofia - Studi ;$v05 500 $aInclude indici. 504 $aBibliografia in nota. 650 4$aBene comune.$0(OLS)http://pul/subject/12547 700 1 $aAgazzi, Evandro,$d1934-$0(OLS)http://pul/name/5575 830 0$aUniversale Studium.$nNuova serie ;$v39.$0(OLS)http://pul/title/163896 830 0$aFilosofia - Studi (Studium) ;$v05.$0(OLS)http://pul/title/176730 850 $aPUL 852 $aPUL$W1$xSL Filosofia 3$y81$m170 NEGMA 1$j162786$qDDC 21$B162454$CPULBib$Z2$F162454 $H125159 $82 941 1 $a9 996 $6020$a978-88-382-4238-0$9(OLS)http://pul/number/156628 996 $6082$a170$9(OLS)http://pul/classification/380 996 $6245$aBene comune e persona$9(OLS)http://pul/title/178468 996 $6260$aRoma :$bStudium$9(OLS)http://pul/publisher/47892